| 000 | 00590cam a2200217 i 4500 | ||
|---|---|---|---|
| 001 | 391150 | ||
| 005 | 20180212033752.0 | ||
| 008 | 791109s1980 nyua 001 0 eng | ||
| 010 | _a 79006348 | ||
| 020 | _a0808912240 | ||
| 040 |
_aDLC _cDLC _dDLC |
||
| 041 | _aeng | ||
| 060 | _aWM20 S963e | ||
| 080 | _a616.89/072 wal | ||
| 082 | 0 | 0 | _a616.89/072 wal |
| 100 | 1 | _a49 | |
| 101 | _apsi | ||
| 245 | 1 | 0 |
_aExperimental design in psychiatry : _cWalter W. Surwillo. |
| 906 |
_a7 _bcbc _corignew _d1 _eocip _f19 _gy-gencatlg |
||
| 942 |
_2ddc _cBK |
||
| 999 |
_c42293 _d42293 |
||